Basic electrical measurements
Salvato in:
| Autore principale: | |
|---|---|
| Natura: | Libro |
| Lingua: | inglese |
| Pubblicazione: |
Englewood Cliffs
Prentice-Hall
1960
|
| Edizione: | 2a. ed |
| Serie: | Prentice-Hall Electrical Engineering
|
| Soggetti: | |
| Tags: |
Aggiungi Tag
Nessun Tag, puoi essere il primo ad aggiungerne!!
|
MARC
| LEADER | 00000nam a2200000 a 4500 | ||
|---|---|---|---|
| 001 | UCU5357 | ||
| 003 | CL-VaPUC | ||
| 008 | 960531e19600000us |||||||||||||||||eng|d | ||
| 082 | 0 | 4 | |a 621.37 |b STO |2 21 |
| 100 | 0 | |a Stout, Melville B |e author |9 363333 | |
| 245 | 1 | 0 | |a Basic electrical measurements |
| 250 | |a 2a. ed | ||
| 300 | |a 571 p | ||
| 942 | |c BK | ||
| 945 | |d 19960531 00:00:00 |a paguirre | ||
| 260 | |a Englewood Cliffs |b Prentice-Hall |c 1960 | ||
| 650 | 7 | |a INSTRUMENTOS DE MEDIDAS ELECTRICAS |2 CL-VaPUC |9 356874 | |
| 650 | 0 | |a Voltaje |9 362861 | |
| 650 | 7 | |a RESISTENCIAS ELECTRICAS |2 CL-VaPUC |9 263527 | |
| 650 | 0 | |a Transformadores |9 345471 | |
| 650 | 0 | |a Corrientes eléctricas |9 354960 | |
| 583 | |a last modification |c 20150428 09:55:15 |k Rodrigo Vera | ||
| 490 | 0 | |a Prentice-Hall Electrical Engineering | |
| 999 | |c 248749 |d 248747 | ||
| 952 | |0 0 |1 0 |4 0 |6 621_370000000000000_STO_1960 |7 0 |8 A |9 265577 |a BIBING |b BIBING |d 2019-11-19 |i 167305K |o 621.37 STO 1960 |p 167305K |r 2025-01-20 |w 2019-11-19 |y BK |k EIE | ||